Bleach Personnages par Images - Statistiques

Statistiques générales
  • Ce quiz a été pris 352 fois
    101 depuis la dernière actualisation
  • Le résultat moyen est 39 sur 329
Statistiques - réponses
Par images Réponse % Correct
Ichigo Kurosaki
100%
Rukia Kuchiki
97%
Yasutora Sado / Chad
93%
Orihime Inoue
92%
Kon
82%
Uryû Ishida
81%
Kisuke Urahara
71%
Yoruichi Shihôin
65%
Gin Ichimaru
58%
Renji Abarai
57%
Sôsuke Aizen
56%
Byakuya Kuchiki
53%
Genryûsai Shigekuni Yamamoto
53%
Isshin Kurosaki
53%
Kenpachi Zaraki
50%
Retsu Unohana / Yachiru Unohana
50%
Soi Fon / Suì-Fêng
49%
Karin Kurosaki
46%
Rangiku Matsumoto
46%
Shinji Hirako
44%
Grimmjow Jaegerjaquez
43%
Tôshirô Hitsugaya
42%
Izuru Kira
40%
Kaname Tôsen
40%
Ulquiorra Cifer
40%
Shunsui Kyôraku
39%
Zangetsu (Quincy)
39%
Mayuri Kurotsuchi
36%
Zangetsu (White)
36%
Ichibê Hyôsube
35%
Kûgo Ginjô
35%
Nelliel Tu Odelschwanck
35%
Yhwach
35%
Coyote Starrk
33%
Ikkaku Madarame
33%
Jûshirô Ukitake
33%
Tier Harribel
33%
Momo Hinamori
32%
Tatsuki Arisawa
32%
Nanao Ise
31%
Sajin Komamura
31%
Yuzu Kurosaki
31%
Gerard Valkyrie
29%
Bambietta Basterbine
28%
Baraggan Louisenbairn
28%
Nemu Kurotsuchi / Nanagô Nemuri
28%
Nnoitra Gilga
28%
Riruka Dokugamine
28%
Bazzard Black / Bazz-B
26%
Lisa Yadômaru
26%
Jugram Haschwalth
25%
Love Aikawa
25%
Yachiru Kusajishi
25%
Don Kanonji
24%
Hyôrinmaru
24%
Gremmy Thoumeaux
22%
Masaki Kurosaki
22%
Ryûken Ishida
22%
Szayelaporro Granz
22%
White
22%
Zabimaru
22%
Äs Nödt
21%
Keigo Asano
21%
Shûhei Hisagi
21%
Hiyori Sarugaki
19%
Kaien Shiba
19%
Katen / Ohana
19%
Lille Barro
19%
Roi Spirituel Adnyeus
19%
Rôjûrô Ôtoribashi / Rose
19%
Yammy Llargo
19%
Chôjirô Sasakibe
18%
Ganju Shiba
18%
Giselle Gewelle
18%
Jackie Tristan
18%
Senjumaru Shutara
18%
Shûkurô Tsukishima
18%
Ururu Tsumugiya
18%
Askin Nakk Le Vaar
17%
Hanatarô Yamada
17%
Isane Kotetsu
17%
Kensei Muguruma
17%
Ôetsu Nimaiya
17%
Tessai Tsukabishi
17%
Tetsuzaemon Iba
17%
Yukio Hans Vorarlberna
17%
Dondochakka Birstanne
15%
Kyôkotsu / Okyô
15%
Luppi Antenor
15%
Mask De Masculine
15%
Pernida Parnkgjas
15%
Yumichika Ayasegawa
15%
Zommari Rureaux
15%
Aaroniero Arruruerie
14%
Grand Fisher
14%
Hachigen Ushôda
14%
Kirio Hikifune
14%
Pesche Guatiche
14%
Tenjirô Kirinji
14%
Ashisogi Jizô
13%
Ichika Abarai
13%
Jinta Hanakari
13%
Kazui Kurosaki
13%
Nozarashi
13%
Royd Lloyd
13%
Akon
11%
Aura Michibane
11%
Candice Catnipp
11%
Kûkaku Shiba
11%
Liltotto Lamperd
11%
Lilynette Gingerbuck
11%
Loyd Lloyd
11%
Marechiyo Ômaeda
11%
Mimihagi
11%
PePe Waccabrada
11%
Kenpachi Azashiro / Sôya Azashiro
10%
Mashiro Kuna
10%
Mizuiro Kojima
10%
Quilge Opie
10%
Wonderweiss Margela
10%
Cang Du
8%
Charlotte Chuhlhourne
8%
Cien Granz
8%
James
8%
Jidanbô Ikkanzaka
8%
Meninas McAllon
8%
Moe Shishigawara
8%
NaNaNa Najahkoop
8%
Tokinada Tsunayashiro
8%
BG9
7%
Chika Shihôin
7%
Chizuru Honshô
7%
Genshirô Okikiba
7%
Ginrei Kuchiki
7%
Tesra Lindocruz
7%
Ayon
6%
Franceska Mila Rose
6%
Ggio Vega
6%
Giriko Kutsuzawa
6%
Hachigô Nemuri
6%
Hikone Ubuginu
6%
Hisana Kuchiki
6%
Ikumi Unagiya
6%
Loly Aivirrne
6%
Sôken Ishida
6%
Acidwire / Sora Inoue
4%
Berenice Gabrielli
4%
Di Roy Rinker
4%
Dordoni Alessandro Del Socaccio
4%
Driscoll Berci
4%
Edrad Liones
4%
Findorr Calius
4%
Guenael Lee
4%
Ikomikidomoe
4%
Jerome Guizbatt
4%
Kanae Katagiri
4%
Kiyone Kotetsu
4%
Menoly Mallia
4%
Noel Niihashi
4%
Robert Accutrone
4%
Sentarô Kotsubaki
4%
Tsubaki
4%
Yûshirô Shihôin
4%
Abirama Redder
3%
Asguiaro Ebern
3%
Ayame
3%
Balgo Parks
3%
Batsu'unsai Katori / Unsai Katoribatsu
3%
Bawabawa
3%
Cirucci Sanderwicci
3%
Cyan Sung-Sun
3%
Emilou Apacci
3%
Gantenbainne Mosqueda
3%
Izumi Ishida
3%
Kenpachi Kuruyashiki
3%
Mera Hiuchigashima
3%
Mizuho Asano
3%
Nakeem Grindina
3%
Nianzol Weizol
3%
Ninny Spangcole
3%
Pícaro
3%
Ryûnosuke Yuki
3%
Saizô Sakahone
3%
Shawlong Koufang
3%
Shaz Domino
3%
Shino Madarame
3%
Shrieker
3%
Urozakuro
3%
Yasochika Iemura
3%
Yuyu Yayahara
3%
Yylfordt Granz
3%
Zennosuke Kurumadani
3%
Aisslinger Wernarr
1%
Ancien du Clan des Bêtes
1%
Andou Daniel
1%
Aoga
1%
Atau Rindô
1%
Baigon
1%
Bruno Bangnyfe
1%
Bulbous G
1%
Chigiri Shijima
1%
Chikane Iba
1%
Choe Neng Poww
1%
Cinderella / Elly
1%
Danjirô Obana
1%
Demoura Zodd
1%
Entetsu Kumoi
1%
Fishbone D
1%
Furôfushi Saitô
1%
Furuoki Ôtogawa
1%
Genji Isawa
1%
Gitano Shigeo
1%
Goteitaishi
1%
Harutoki Ide
1%
Heizô Kasaki
1%
Hexapodus
1%
Hinagiku
1%
Hiyosu
1%
Hooleer
1%
Hotaru Kanisawa
1%
Huburt Alexander Kleich
1%
Ino
1%
Izaemon Tôdô
1%
Jinemon Kotsubaki
1%
Jirôbô Ikkanzaka
1%
Johann Seydlitz
1%
Kagine
1%
Kaiwan
1%
Kakyô
1%
Kaoru Unagiya
1%
Kazuhiro
1%
Kazuo
1%
Kenji Yamashita / Top
1%
Koganehiko
1%
Kukkapûro
1%
Lily
1%
Luders Friegen
1%
Lumina
1%
Mahana Natsui
1%
Makizô Aramaki
1%
Marcel Halpmann
1%
Marenoshin Ômaeda
1%
Medazeppi
1%
Metastacia
1%
Michiru Ogawa
1%
Mihane Shirogane
1%
Miyako Shiba
1%
Mr. Pork / M. Jambonneau
1%
Nirgge Parduoc
1%
Nobutsuna Shigyô
1%
Nonomi Nomino
1%
Numb Chandelier
1%
Oscar Joaquín de la Rosa
1%
Osushi
1%
Rikichi Yuki
1%
Rikû Togakushi
1%
Rin Tsubokura
1%
Roka Paramia
1%
Rudbornn Chelute
1%
Runuganga
1%
Ryô Kunieda
1%
Seinosuke Yamada
1%
Shelby (Dragon)
1%
Shelby (Humain)
1%
Shinobu Eishima
1%
Shiroganehiko
1%
Shun'ô
1%
Sôjun Kuchiki
1%
Taketsuna Gori
1%
Tatsufusa Enjôji
1%
The Demi-Hollow
1%
The Menos Grande
1%
Tokie Tonokawa
1%
Torue
1%
Uhin Zenjôji
1%
Verona
1%
Yûichi Shibata
1%
Zonzain
1%
Algora Lallau
0%
Arkvine
0%
Asuka Katakura
0%
Billy Banx Jr.
0%
Bonnie
0%
Chiyo
0%
Cquntnire Milieve
0%
Danzômaru
0%
Gengorô Ônabara
0%
Harry Shayk
0%
Harunobu Ogidô
0%
Hashigami
0%
Hasuka Hashihara
0%
Hidetomo Kajômaru
0%
Higonyûdô
0%
Hironari Horiuchi
0%
Isuzu Ise
0%
Kaneda
0%
Keisuke Sorimachi
0%
Kenpachi Kiganjô
0%
Kinroku Izuhara
0%
Kôkichirô Takezoe
0%
Macy Baljure
0%
Marejirôsaburô Ômaeda
0%
Mareka Ômaeda
0%
Maremi Ômaeda
0%
Mareyo Ômaeda
0%
Marshall
0%
Misato Ochi
0%
Mitsuru Ishino / Fever
0%
Nayura Amakado
0%
Nikita Deslock
0%
Niko Kuna
0%
Nobutsune Seike
0%
Reiichi Ôshima
0%
Rickenbacker
0%
Roy B. Dipper
0%
Sadatomo Saionji / Dumbell
0%
Saka Rynn
0%
Shouma
0%
Shunzan Kyôraku
0%
Shûtetsu Nagakiso
0%
Sullivan Squire
0%
Taichi Miyamoto / Hawk
0%
Toshimori Umesada
0%
Tronbone Takkinen
0%
Tsumiko Tsuchimiya
0%
Urui
0%
Wolfgang Slashhaut
0%
Wordsworth
0%
Yokochini
0%
Aucun quiz correspondant
Distribution des résultats
% des personnes avec chaque résultat
Percentile par nombre de réponses
Votre historique - résultats
Vous n’avez pas pris ce quiz depuis la dernière actualisation